Państwa z którymi graniczyła Polska w 1939 - Statystyki

Ogólne statystyki
  • Ten quiz został rozwiązany 2 191 razy
  • Średni wynik to 4 z 7
Statystyki odpowiedzi
Kraj % Poprawnych
Czechosłowacja
84%
Litwa
81%
Rumunia
62%
III Rzesza
55%
Łotwa
55%
Związek Radziecki
48%
Wolne Miasto Gdańsk
23%
Nie znaleziono quizów pasujących do podanych kryteriów
Rozkład punktacji
Procent ludzi z każdym wynikiem
Percentyl według liczby udzielonych odpowiedzi
Twoja historia wyników
Nie rozwiązałeś tego quizu